The discovery Bible. (Record no. 6837)
[ view plain ]
| 000 -LEADER | |
|---|---|
| fixed length control field | 01034pam a2200289 a 4500 |
| 001 - CONTROL NUMBER | |
| control field | 970639 |
| 003 - CONTROL NUMBER IDENTIFIER | |
| control field | GBCCL |
| 005 - DATE AND TIME OF LATEST TRANSACTION | |
| control field | 20241126110613.0 |
| 008 - FIXED-LENGTH DATA ELEMENTS--GENERAL INFORMATION | |
| fixed length control field | 870828s1987 ilub b 000 0 eng |
| 010 ## - | |
| -- | 85021475 |
| 020 ## - INTERNATIONAL STANDARD BOOK NUMBER | |
| International Standard Book Number | 0802441599 : |
| Terms of availability | $15.95 |
| 040 ## - CATALOGING SOURCE | |
| Original cataloging agency | DLC |
| Transcribing agency | DLC |
| Modifying agency | DLC |
| 041 1# - | |
| -- | enggrc |
| 050 00 - | |
| -- | BS2095 |
| -- | .N35 1987 |
| 082 00 - DEWEY DECIMAL CLASSIFICATION NUMBER | |
| Classification number | 225.5204 |
| Edition information | 19 |
| Item number | BIB |
| 130 0# - | |
| -- | Bible. |
| -- | New Testament. |
| -- | English. |
| -- | New American Standard. |
| -- | 1987. |
| -- | 12253 |
| 245 14 - TITLE STATEMENT | |
| Title | The discovery Bible. |
| Name of part/section of a work | New American Standard, New Testament / |
| Statement of responsibility, etc. | [edited] by Gary Hill ; with consulting editor, Gleason L. Archer. |
| 250 ## - EDITION STATEMENT | |
| Edition statement | Reference ed. |
| 260 ## - PUBLICATION, DISTRIBUTION, ETC. | |
| Place of publication, distribution, etc. | Chicago : |
| Name of publisher, distributor, etc. | Moody Press, |
| Date of publication, distribution, etc. | c1987. |
| 300 ## - PHYSICAL DESCRIPTION | |
| Extent | xxxi, 591 p. : |
| Other physical details | 15 col. maps ; |
| Dimensions | 24 cm. |
| 500 ## - GENERAL NOTE | |
| General note | "H.E.L.P.S., the study system of the discovery Bible." |
| 504 ## - BIBLIOGRAPHY, ETC. NOTE | |
| Bibliography, etc. note | Bibliography: p. 553-554. |
| 700 1# - ADDED ENTRY--PERSONAL NAME | |
| Personal name | Hill, Gary, |
| Dates associated with a name | 1950- |
| 9 (RLIN) | 12254 |
| 700 1# - ADDED ENTRY--PERSONAL NAME | |
| Personal name | Archer, Gleason L. |
| Fuller form of name | (Gleason Leonard), |
| Dates associated with a name | 1916-2004. |
| 9 (RLIN) | 2064 |
| 906 ## - LOCAL DATA ELEMENT F, LDF (RLIN) | |
| a | 7 |
| b | cbc |
| c | orignew |
| d | 1 |
| e | ocip |
| f | 19 |
| g | y-gencatlg |
| 942 ## - ADDED ENTRY ELEMENTS (KOHA) | |
| Source of classification or shelving scheme | Dewey Decimal Classification |
| Koha item type | Reference Books |
| Withdrawn status | Lost status | Source of classification or shelving scheme | Damaged status | Not for loan | Home library | Current Library | Shelving location | Date acquired | Total checkouts | Full call number | Barcode | Date last seen | Copy number | Price effective from | Koha item type |
|---|---|---|---|---|---|---|---|---|---|---|---|---|---|---|---|
| Dewey Decimal Classification | GRACE BIBLE COLLEGE | GRACE BIBLE COLLEGE | Bible | 2018-06-29 | 225.5204 BIB | 010870 | 2025-05-01 | c.1 | 2018-06-29 | Reference Books |